- Arias Rebatet, Germán
Entrada Nombre de persona
Número de registros utilizados en: 1
001 - NÚMERO DE CONTROL
- campo de control: 149
003 - IDENTIFICADOR DEL NÚMERO DE CONTROL
- campo de control: UNIREMHOS
005 - FECHA Y HORA DE LA ÚLTIMA TRANSACCIÓN
- campo de control: 20250807010218.0
008 - DATOS DE LONGITUD FIJA
- campo de control de longitud fija: 250807|| az|||aabn | a|a d
040 ## - FUENTE DE LA CATALOGACIÓN
- Centro catalogador/agencia de origen: UNIREMHOS
- Lengua de catalogación: spa
- Normas de descripción: rda
100 1# - ENCABEZAMIENTO-NOMBRE DE PERSONA
- Nombre de persona: Arias Rebatet, Germán
374 ## - OCUPACIÓN
- Ocupación: Traductor
375 ## - GÉNERO/SEXO
- Género/Sexo: masculino
377 ## - LENGUA/LENGUAJE ASOCIADO
- Código del idioma: eng
- Término de lengua/lenguaje: Inglés
670 ## - FUENTE DE DATOS ENCONTRADOS
- Cita de la fuente: Enfermería clínica de Taylor : cuidados básicos del paciente, 2012
- Información encontrada: (Germán Arias Rebatet)




